LDR 00955naa#a2200193#i#450# 001 RU\\bibl\120514 005 20260419062109.7 011 ## _a1019-8946 100 ## _a20260410b2026####ek#y0rusy0150####ca 102 ## _aRU 200 1# _aОсобенности применения ГОСТ Р 52253-2025 на масло сливочное, топленое и масляные пасты _eЖурнальная статья 210 1# _aКемерово _cКемеровский государственный университет _d2026 215 ## _a5 с. 608 ## _aЖурнальная статья _2local 675 ## _aСельское хозяйство. Лесное хозяйство. Охота. Рыбное хозяйство. 63 _z 700 #1 _aТопникова _gЕлена Васильевна 700 #1 _aПирогова _gЕкатерина Николаевна 700 #1 _aРумянцева _gОльга Сергеевна 856 4# _amoloprom.kemsu.ru _u